|
|
|
|
| LEADER |
01000cam a2200265 c 4500 |
| 001 |
733419321 |
| 003 |
DE-627 |
| 005 |
20260423175746.0 |
| 007 |
tu |
| 008 |
130103s2013 gw ||||| 00| ||ger c |
| 010 |
|
|
|a 2013392528
|
| 015 |
|
|
|a 13,N01
|2 dnb
|
| 015 |
|
|
|a 13,N01
|2 dnb
|
| 016 |
7 |
|
|a 1028934084
|2 DE-101
|
| 020 |
|
|
|a 9783412210076
|q Gb. : ca. EUR 46.90 (DE), ca. EUR 48.30 (AT), ca. sfr 62.90 (freier Pr.)
|9 978-3-412-21007-6
|
| 020 |
|
|
|a 3412210072
|9 3-412-21007-2
|
| 024 |
3 |
|
|a 9783412210076
|
| 035 |
|
|
|a (DE-627)733419321
|
| 035 |
|
|
|a (DE-603)319024830
|
| 035 |
|
|
|a (DE-576)378572962
|
| 035 |
|
|
|a (DE-599)DNB1028934084
|
| 035 |
|
|
|a (OCoLC)1573953749
|
| 035 |
|
|
|a (OCoLC)830904949
|
| 035 |
|
|
|a (OCoLC)840713055
|
| 035 |
|
|
|a (OCoLC)837499481
|
| 040 |
|
|
|a DE-627
|b ger
|c DE-627
|e rakwb
|
| 041 |
|
|
|a ger
|
| 044 |
|
|
|c XA-DE
|c XA-AT
|
| 050 |
|
0 |
|a HT653.G3
|
| 082 |
0 |
4 |
|a 940
|a 943
|q DNB
|
| 084 |
|
|
|a 8
|2 ssgn
|
| 084 |
|
|
|a NW 7100
|2 rvk
|0 (DE-625)rvk/132292:
|
| 084 |
|
|
|a 15.36
|2 bkl
|
| 084 |
|
|
|a 15.37
|2 bkl
|
| 084 |
|
|
|a 15.08
|2 bkl
|
| 084 |
|
|
|a 17.93
|2 bkl
|
| 084 |
|
|
|a 18.00
|2 bkl
|
| 090 |
|
|
|a a
|
| 245 |
0 |
0 |
|a Aristokratismus und Moderne
|b Adel als politisches und kulturelles Konzept, 1890 - 1945 ; [Tagung ... vom 23. bis 26. September 2009 an der Philipps-Universität Marburg]
|c Eckart Conze ... (Hg.)
|
| 264 |
|
1 |
|a Köln
|a Weimar
|a Wien
|b Böhlau
|c 2013
|
| 300 |
|
|
|a 384 S.
|c 23 cm
|
| 336 |
|
|
|a Text
|b txt
|2 rdacontent
|
| 337 |
|
|
|a ohne Hilfsmittel zu benutzen
|b n
|2 rdamedia
|
| 338 |
|
|
|a Band
|b nc
|2 rdacarrier
|
| 490 |
1 |
|
|a Adelswelten
|v 1
|
| 500 |
|
|
|a Literaturangaben
|
| 583 |
1 |
|
|a Archivierung/Langzeitarchivierung gewährleistet
|f SLG
|x XA-DE-BW
|z BfZ
|2 pdager
|5 DE-24
|
| 648 |
|
7 |
|a Geschichte 1890-1945
|2 gnd
|
| 650 |
|
0 |
|a Aristocracy (Social class)
|z Germany
|x History
|
| 650 |
|
0 |
|a Nobility
|z Germany
|x History
|
| 650 |
0 |
7 |
|0 (DE-588)4000464-8
|0 (DE-627)106401114
|0 (DE-576)208838163
|a Adel
|2 gnd
|
| 650 |
|
4 |
|a Aristokratie, Konzept, Lederberuf
|
| 651 |
|
7 |
|0 (DE-588)4015701-5
|0 (DE-627)104289007
|0 (DE-576)208913092
|a Europa
|2 gnd
|
| 655 |
|
7 |
|a Konferenzschrift
|y 2009
|z Marburg
|0 (DE-588)1071861417
|0 (DE-627)826484824
|0 (DE-576)433375485
|2 gnd-content
|
| 655 |
|
7 |
|a Aufsatzsammlung
|0 (DE-588)4143413-4
|0 (DE-627)105605727
|0 (DE-576)209726091
|2 gnd-content
|
| 689 |
0 |
0 |
|D g
|0 (DE-588)4015701-5
|0 (DE-627)104289007
|0 (DE-576)208913092
|a Europa
|2 gnd
|
| 689 |
0 |
1 |
|D s
|0 (DE-588)4000464-8
|0 (DE-627)106401114
|0 (DE-576)208838163
|a Adel
|2 gnd
|
| 689 |
0 |
2 |
|A z
|2 gnd
|a Geschichte 1890-1945
|
| 689 |
0 |
|
|5 DE-101
|
| 700 |
1 |
|
|a Conze, Eckart
|d 1963-
|0 (DE-588)121880583
|0 (DE-627)081594941
|0 (DE-576)178662372
|4 oth
|
| 711 |
2 |
9 |
|a Tagung Aristokratismus und Moderne, 1890 - 1945
|c Marburg
|d 2009.09.23-26
|
| 787 |
0 |
8 |
|i Rezensiert in
|a Braungart, Wolfgang, 1956 -
|t [Rezension von: Aristokratismus und Moderne]
|d 2018
|w (DE-627)1876167971
|
| 787 |
0 |
8 |
|i Rezensiert in
|w (DE-603)480318433
|
| 830 |
|
0 |
|a Adelswelten
|v 1
|9 1
|w (DE-627)740705296
|w (DE-576)380532530
|w (DE-600)2709579-4
|x 2748-4742
|7 am
|
| 856 |
4 |
1 |
|u http://hsozkult.geschichte.hu-berlin.de/rezensionen/2013-3-165
|x Verlag
|7 1
|
| 856 |
4 |
2 |
|u http://www.h-net.org/reviews/showrev.php?id=40122
|v 2016-07-13
|x Verlag
|y Book review (H-Net)
|7 1
|
| 856 |
4 |
2 |
|u http://d-nb.info/1028934084/04
|m B:DE-101
|q application/pdf
|v 2013-05-01
|x Verlag
|3 Inhaltsverzeichnis
|7 1
|
| 856 |
4 |
2 |
|u https://www.hsozkult.de/publicationreview/id/rezbuecher-20177
|m V:DE-576;X:HSozKult
|q text/html
|v 20180419154454
|3 Rezension
|7 1
|
| 856 |
4 |
2 |
|u http://deposit.dnb.de/cgi-bin/dokserv?id=4211616&prov=M&dok_var=1&dok_ext=htm
|m X: MVB
|q text/html
|v 2013-05-01
|x Verlag
|3 Inhaltstext
|7 1
|
| 856 |
4 |
2 |
|u http://scans.hebis.de/HEBCGI/show.pl?31902483_toc.pdf
|m V:DE-603;B:DE-17
|q application/pdf
|3 Inhaltsverzeichnis
|7 1
|
| 912 |
|
|
|a GBV_ILN_11
|
| 912 |
|
|
|a ISIL_DE-1a
|
| 912 |
|
|
|a SYSFLAG_1
|
| 912 |
|
|
|a GBV_KXP
|
| 912 |
|
|
|a GBV_ILN_20
|
| 912 |
|
|
|a ISIL_DE-84
|
| 912 |
|
|
|a GBV_ILN_21
|
| 912 |
|
|
|a ISIL_DE-46
|
| 912 |
|
|
|a GBV_ILN_22
|
| 912 |
|
|
|a ISIL_DE-18
|
| 912 |
|
|
|a GBV_ILN_22_i31308
|
| 912 |
|
|
|a GBV_ILN_22_i30908
|
| 912 |
|
|
|a GBV_ILN_24
|
| 912 |
|
|
|a ISIL_DE-8
|
| 912 |
|
|
|a GBV_ILN_31
|
| 912 |
|
|
|a ISIL_DE-27
|
| 912 |
|
|
|a GBV_ILN_40
|
| 912 |
|
|
|a ISIL_DE-7
|
| 912 |
|
|
|a GBV_ILN_40_i053
|
| 912 |
|
|
|a GBV_ILN_50
|
| 912 |
|
|
|a ISIL_DE-23
|
| 912 |
|
|
|a GBV_ILN_61
|
| 912 |
|
|
|a ISIL_DE-32
|
| 912 |
|
|
|a GBV_ILN_65
|
| 912 |
|
|
|a ISIL_DE-3
|
| 912 |
|
|
|a GBV_ILN_65_a018
|
| 912 |
|
|
|a GBV_ILN_69
|
| 912 |
|
|
|a ISIL_DE-9
|
| 912 |
|
|
|a GBV_ILN_70
|
| 912 |
|
|
|a ISIL_DE-89
|
| 912 |
|
|
|a GBV_ILN_72
|
| 912 |
|
|
|a ISIL_DE-35
|
| 912 |
|
|
|a GBV_ILN_100
|
| 912 |
|
|
|a ISIL_DE-Ma9
|
| 912 |
|
|
|a GBV_ILN_104
|
| 912 |
|
|
|a ISIL_DE-68
|
| 912 |
|
|
|a GBV_ILN_110
|
| 912 |
|
|
|a ISIL_DE-Luen4
|
| 912 |
|
|
|a GBV_ILN_121
|
| 912 |
|
|
|a ISIL_DE-45
|
| 912 |
|
|
|a GBV_ILN_130
|
| 912 |
|
|
|a ISIL_DE-700
|
| 912 |
|
|
|a GBV_ILN_176
|
| 912 |
|
|
|a GBV_ILN_176_1
|
| 912 |
|
|
|a GBV_ILN_240
|
| 912 |
|
|
|a ISIL_DE-138
|
| 912 |
|
|
|a GBV_ILN_288
|
| 912 |
|
|
|a GBV_ILN_340
|
| 912 |
|
|
|a ISIL_DE-Shw16
|
| 912 |
|
|
|a GBV_ILN_350
|
| 912 |
|
|
|a ISIL_DE-2795
|
| 912 |
|
|
|a GBV_ILN_350_
|
| 912 |
|
|
|a GBV_ILN_737
|
| 912 |
|
|
|a GBV_ILN_2001
|
| 912 |
|
|
|a ISIL_DE-21
|
| 912 |
|
|
|a GBV_ILN_2002
|
| 912 |
|
|
|a ISIL_DE-21-106
|
| 912 |
|
|
|a GBV_ILN_2003
|
| 912 |
|
|
|a ISIL_DE-25
|
| 912 |
|
|
|a GBV_ILN_2005
|
| 912 |
|
|
|a ISIL_DE-291-313
|
| 912 |
|
|
|a GBV_ILN_2006
|
| 912 |
|
|
|a ISIL_DE-14
|
| 912 |
|
|
|a GBV_ILN_2007
|
| 912 |
|
|
|a ISIL_DE-352
|
| 912 |
|
|
|a GBV_ILN_2008
|
| 912 |
|
|
|a ISIL_DE-24
|
| 912 |
|
|
|a GBV_ILN_2009
|
| 912 |
|
|
|a ISIL_DE-180
|
| 912 |
|
|
|a GBV_ILN_2010
|
| 912 |
|
|
|a ISIL_DE-15
|
| 912 |
|
|
|a GBV_ILN_2011
|
| 912 |
|
|
|a ISIL_DE-16
|
| 912 |
|
|
|a GBV_ILN_2012
|
| 912 |
|
|
|a ISIL_DE-16-34
|
| 912 |
|
|
|a GBV_ILN_2015
|
| 912 |
|
|
|a ISIL_DE-93
|
| 912 |
|
|
|a GBV_ILN_2018
|
| 912 |
|
|
|a ISIL_DE-31
|
| 912 |
|
|
|a GBV_ILN_2020
|
| 912 |
|
|
|a ISIL_DE-Ch1
|
| 912 |
|
|
|a GBV_ILN_2030
|
| 912 |
|
|
|a ISIL_DE-77
|
| 912 |
|
|
|a GBV_ILN_2043
|
| 912 |
|
|
|a ISIL_DE-Mar1
|
| 912 |
|
|
|a GBV_ILN_2046
|
| 912 |
|
|
|a ISIL_DE-N1
|
| 912 |
|
|
|a GBV_ILN_2568
|
| 912 |
|
|
|a ISIL_DE-631
|
| 935 |
|
|
|a BWLB
|a StGB
|
| 935 |
|
|
|i sf
|
| 935 |
|
|
|i Blocktest
|
| 936 |
r |
v |
|a NW 7100
|b Adel, Ritter, Ministerialität
|k Geschichte
|k Wirtschafts- und Sozialgeschichte
|k Spezielle Sozialgeschichte
|k Einzelne Stände und Gesellschaftsgruppen
|k Adel, Ritter, Ministerialität
|0 (DE-627)1271310694
|0 (DE-625)rvk/132292:
|0 (DE-576)201310694
|
| 936 |
b |
k |
|a 15.36
|j Europäische Geschichte 1815-1914
|0 (DE-627)18157103X
|
| 936 |
b |
k |
|a 15.37
|j Europäische Geschichte 1914-1945
|0 (DE-627)181569809
|
| 936 |
b |
k |
|a 15.08
|j Sozialgeschichte
|0 (DE-627)181571005
|
| 936 |
b |
k |
|a 17.93
|j Literarische Stoffe
|j literarische Motive
|j literarische Themen
|0 (DE-627)106404490
|
| 936 |
b |
k |
|a 18.00
|j Einzelne Sprachen und Literaturen allgemein
|0 (DE-627)106405403
|
| 936 |
s |
n |
|a n100
|2 mzub
|
| 951 |
|
|
|a BO
|
| 980 |
|
|
|2 11
|1 01
|x 0001
|b 1438022786
|c 00
|f 2
|d 1 A 887494
|e u
|j --%%--
|y k
|z 09-12-13
|
| 980 |
|
|
|2 20
|1 01
|x 0084
|b 1358454817
|c 00
|f --%%--
|d 2929-6400
|e --%%--
|j --%%--
|y k
|z 16-09-13
|
| 980 |
|
|
|2 21
|1 01
|x 0046
|b 1373199768
|c 00
|f E03
|d a his 040 5m/09
|e u
|j --%%--
|y zza
|z 16-04-13
|
| 980 |
|
|
|2 22
|1 01
|x 0018
|b 1390256804
|c 00
|f SUB-SB
|d A 2013/4796
|e u
|j --%%--
|y zu
|z 01-07-13
|
| 980 |
|
|
|2 22
|1 02
|x 0018
|b 1612414117
|c 00
|f 18/313
|d A 21/705
|e g
|j --%%--
|y ni31308
|z 18-04-16
|
| 980 |
|
|
|2 22
|1 03
|x 0018
|b 4790789268
|c 00
|f 18/309-GE
|d NW 7100 C768
|e c
|j --%%--
|h VMP6RVK
|y zi30908
|z 22-10-25
|
| 980 |
|
|
|2 24
|1 01
|x 0008
|b 1390029689
|c 00
|f 10 gse 783
|d Bs 4824
|e u
|j --%%--
|h hb
|y zz1
|z 13-05-13
|
| 980 |
|
|
|2 31
|1 01
|x 0027
|b 1525800388
|c 00
|f J 23
|d HIS:SM:830:::2013
|e d
|j --%%--
|y z
|z 16-02-15
|
| 980 |
|
|
|2 40
|1 02
|x 0007
|b 1636145647
|c 00
|f BBK-HIST
|d W II 952 [a]
|e i
|j --%%--
|y zi053
|z 20-09-16
|
| 980 |
|
|
|2 40
|1 03
|x 0007
|b 1844089142
|c 00
|f FMAG
|d 2019 A 25288
|e u
|j --%%--
|h böhlau-archiv-19
|y ksn
|z 01-07-19
|
| 980 |
|
|
|2 50
|1 01
|x 0023
|b 1382992688
|c 00
|f --%%--
|d 63.3904
|e u
|j --%%--
|y k
|z 10-10-13
|
| 980 |
|
|
|2 61
|1 01
|x 0032
|b 1489293604
|c 00
|f FHB
|d NW 7100 C768
|e b
|j --%%--
|y z
|z 18-07-14
|
| 980 |
|
|
|2 65
|1 01
|x 3/18
|b 172147482X
|c 00
|f Ha 18-RVK
|d NW 7100 119
|e u
|j --%%--
|y ka018
|z 22-11-17
|
| 980 |
|
|
|2 69
|1 01
|x 0009
|b 4772669469
|c 00
|f BB 310
|d 310/NW 7100 C768 A7
|e u
|j --%%--
|y z
|z 16-12-25
|
| 980 |
|
|
|2 70
|1 80
|x 89/19
|b 1427959005
|c 00
|f FBSBB
|d Hist 5616/8122
|e u
|j --%%--
|y ksg
|z 06-03-14
|
| 980 |
|
|
|2 72
|1 01
|x 0035
|b 1435210018
|c 00
|f ZENLSA
|d NW 7100 5722
|e u
|j --%%--
|c 09
|f ZEN
|d 2013/5722
|e --%%--
|j --%%--
|y kz
|z 30-09-13
|
| 980 |
|
|
|2 100
|1 01
|x 3100
|b 1420706217
|c 00
|f FH
|d 2013.06334:1
|e u
|j --%%--
|y k
|z 17-09-13
|
| 980 |
|
|
|2 104
|1 01
|x 0068
|b 1427931623
|c 00
|f MAG
|d 113 A 1046
|e u
|j --%%--
|y z
|z 13-08-13
|
| 980 |
|
|
|2 110
|1 01
|x 3110
|b 1432968513
|c 00
|f CAM
|d 13-16399
|e u
|j --%%--
|y kz
|z 11-10-13
|
| 980 |
|
|
|2 121
|1 01
|x 0045
|b 1380565464
|c 00
|f --%%--
|d 13-2123
|e u
|j --%%--
|h alma
|y z
|z 13-06-13
|
| 980 |
|
|
|2 130
|1 01
|x 0700
|b 1397195142
|c 00
|f B
|d LOQ 6175-654 2
|e u
|j --%%--
|y kb
|z 12-08-14
|
| 980 |
|
|
|2 176
|1 01
|x 3703/1
|b 1360833188
|c 00
|f Au
|d x 51650
|e u
|j --%%--
|y z1
|z 28-01-13
|
| 980 |
|
|
|2 240
|1 01
|x 0138
|b 3507893274
|c 00
|f --%%--
|d IV y 463
|e d
|j --%%--
|y z
|z 21-08-19
|
| 980 |
|
|
|2 288
|1 01
|x 3288
|b 3781080226
|u gvk
|y xy
|z 16-10-20
|
| 980 |
|
|
|2 340
|1 01
|x 4340
|b 1516493184
|c 00
|f --%%--
|d 3738/14
|e i
|j --%%--
|y zl
|z 06-01-15
|
| 980 |
|
|
|2 350
|1 01
|x 8293
|b 143393440X
|c 00
|f MAG3
|d Nb 6380 -1
|e i
|j --%%--
|y z
|z 20-09-13
|
| 980 |
|
|
|2 737
|1 01
|x 4737/0007
|b 4233394072
|c 00
|f waa-bib
|d HB 99
|e u
|j --%%--
|y nwaa
|z 05-12-22
|
| 980 |
|
|
|2 2001
|1 01
|x DE-21
|b 307764729X
|c 00
|f --%%--
|d 53 A 4450
|e --%%--
|j --%%--
|y l01
|z 13-05-13
|
| 980 |
|
|
|2 2002
|1 01
|x DE-21-106
|b 3077647362
|c 00
|f --%%--
|d E II Con E 2
|e p
|j --%%--
|y l01
|z 04-04-13
|
| 980 |
|
|
|2 2003
|1 01
|x DE-25
|b 3077647478
|c 00
|f --%%--
|d GE 2013/2614
|e --%%--
|j --%%--
|y l01
|z 08-02-13
|
| 980 |
|
|
|2 2005
|1 01
|x DE-291-313
|b 3077647540
|c 00
|f --%%--
|d Q10 2031/5
|e v
|j --%%--
|k vermisst
|y l01
|z 08-10-13
|
| 980 |
|
|
|2 2006
|1 01
|x DE-14
|b 3077647621
|c 00
|f --%%--
|d --%%--
|e --%%--
|j --%%--
|y l01
|z 25-03-13
|
| 980 |
|
|
|2 2007
|1 01
|x DE-352
|b 3077647699
|c 00
|f --%%--
|d --%%--
|e --%%--
|j --%%--
|y l01
|z 26-04-13
|
| 980 |
|
|
|2 2008
|1 01
|x DE-24
|b 307764777X
|c 00
|f --%%--
|d 63/8624
|e --%%--
|j --%%--
|c 01
|f Freihand
|d NW 7100 63/8624
|e --%%--
|j --%%--
|y l01
|z 22-05-13
|
| 980 |
|
|
|2 2008
|1 02
|x DE-24
|b 4437856007
|c 00
|f --%%--
|d --%%--
|e p
|j n
|c 01
|f Stefan-George-Archiv
|d --%%--
|e --%%--
|j --%%--
|k *** Kein Bestand vorhanden, Inhalte teilweise ausgewertet
|y l01
|z 15-12-23
|
| 980 |
|
|
|2 2009
|1 01
|x DE-180
|b 3077647842
|c 00
|f 300
|d 300 NW 7100 C768 A716
|e --%%--
|j n
|y l01
|z 04-03-16
|
| 980 |
|
|
|2 2010
|1 01
|x DE-15
|b 3077647907
|c 00
|f --%%--
|d --%%--
|e --%%--
|j --%%--
|y l01
|z 08-07-13
|
| 980 |
|
|
|2 2011
|1 01
|x DE-16
|b 307764794X
|c 00
|f --%%--
|d 2013 A 553
|e --%%--
|j --%%--
|y l01
|z 08-05-13
|
| 980 |
|
|
|2 2012
|1 01
|x DE-16-34
|b 3077648024
|c 00
|f --%%--
|d Oh 142
|e p
|j --%%--
|y l01
|z 26-06-13
|
| 980 |
|
|
|2 2015
|1 01
|x DE-93
|b 3077648105
|c 00
|f --%%--
|d --%%--
|e --%%--
|j l
|y l01
|z 13-05-13
|
| 980 |
|
|
|2 2018
|1 01
|x DE-31
|b 3077648172
|c 00
|f --%%--
|d --%%--
|e --%%--
|j l
|y l01
|z 06-05-13
|
| 980 |
|
|
|2 2020
|1 01
|x DE-Ch1
|b 3077648237
|c 00
|f --%%--
|d --%%--
|e --%%--
|j --%%--
|y l01
|z 04-04-13
|
| 980 |
|
|
|2 2030
|1 01
|x DE-77
|b 4883761290
|c 00
|f --%%--
|d 273.972
|e --%%--
|j l
|y l01
|z 12-11-15
|
| 980 |
|
|
|2 2043
|1 01
|x DE-Mar1
|b 307764827X
|c 00
|f --%%--
|d C6
|e l
|j --%%--
|y l01
|z 30-06-16
|
| 980 |
|
|
|2 2046
|1 01
|x DE-N1
|b 3510948610
|c 00
|f --%%--
|d --%%--
|e p
|j --%%--
|y l01
|z 02-09-19
|
| 980 |
|
|
|2 2568
|1 01
|x DE-631
|b 4431938273
|c 00
|f --%%--
|d --%%--
|e --%%--
|j n
|k Nachweis der Landesbibliographie Baden-Württemberg - nur zur Auswertung
|y l01
|z 11-12-23
|
| 982 |
|
|
|2 22
|1 02
|x 0018
|8 01
|a Europa
|
| 982 |
|
|
|2 22
|1 02
|x 0018
|8 02
|a Adel
|
| 982 |
|
|
|2 22
|1 02
|x 0018
|8 03
|a Geschichte 1890-1945
|
| 982 |
|
|
|2 737
|1 00
|x 4737
|8 00
|s g
|a Europa
|
| 982 |
|
|
|2 737
|1 00
|x 4737
|8 01
|s s
|a Adel
|
| 982 |
|
|
|2 737
|1 00
|x 4737
|8 02
|a Geschichte 1890-1945
|
| 982 |
|
|
|2 737
|1 00
|x 4737
|8 03
|s s
|a Aufsatzsammlung
|
| 983 |
|
|
|2 21
|1 00
|x DE-46
|8 30
|a his 040 5m
|
| 983 |
|
|
|2 21
|1 00
|x DE-46
|8 99
|a 24
|
| 983 |
|
|
|2 22
|1 00
|x DE-18
|8 00
|a OeEVIa; OePVIIf
|
| 983 |
|
|
|2 24
|1 01
|x 0008
|8 50
|0 (DE-627)361734867
|a gse 783.10
|b Elite
|b Oberschicht
|b Geschichte 1790-1918
|
| 983 |
|
|
|2 24
|1 01
|x 0008
|8 51
|0 (DE-627)05795013X
|a gsf 925
|b Sozialstruktur
|b Geschichte 1918-1945
|
| 983 |
|
|
|2 24
|1 01
|x 0008
|8 70
|0 (DE-627)499502019
|a gse 783
|b Elite
|b Oberschicht
|b Geschichte 1790-1918
|
| 983 |
|
|
|2 40
|1 00
|x DE-7
|8 00
|0 (DE-627)621343846
|a PCL 110
|b Adel {Sozialgeschichte}
|
| 983 |
|
|
|2 100
|1 00
|x DE-Ma9
|8 00
|a F/D 201.1 Aris
|
| 983 |
|
|
|2 104
|1 01
|x 0068
|8 00
|a VII 5f 2c
|
| 983 |
|
|
|2 104
|1 01
|x 0068
|8 01
|a VIII 8
|
| 983 |
|
|
|2 110
|1 00
|x DE-Luen4
|8 00
|a Soz 476
|
| 983 |
|
|
|2 110
|1 00
|x DE-Luen4
|8 01
|a Gesch 1684
|
| 983 |
|
|
|2 110
|1 00
|x DE-Luen4
|8 02
|a Gesch 1735
|
| 983 |
|
|
|2 130
|1 01
|x 0700
|8 00
|a LOQ
|
| 983 |
|
|
|2 130
|1 01
|x 0700
|8 01
|a CJS
|
| 983 |
|
|
|2 130
|1 01
|x 0700
|8 02
|a CHL
|
| 983 |
|
|
|2 130
|1 01
|x 0700
|8 03
|a CHM
|
| 984 |
|
|
|2 11
|1 01
|x 0001
|a 158893271010
|
| 984 |
|
|
|2 20
|1 01
|x 0084
|a 84$029296400
|
| 984 |
|
|
|2 21
|1 01
|x 0046
|a 46$0004048776
|
| 984 |
|
|
|2 22
|1 01
|x 0018
|a 943881128
|
| 984 |
|
|
|2 22
|1 03
|x 0018
|a 200148117
|
| 984 |
|
|
|2 24
|1 01
|x 0008
|a 8$0003118045
|
| 984 |
|
|
|2 31
|1 01
|x 0027
|a 27$026900521
|
| 984 |
|
|
|2 40
|1 02
|x 0007
|a 7$233109951
|
| 984 |
|
|
|2 40
|1 03
|x 0007
|a 7$235452181
|
| 984 |
|
|
|2 50
|1 01
|x 0023
|a 23$13437372
|
| 984 |
|
|
|2 61
|1 01
|x 0032
|a 32$05651506
|
| 984 |
|
|
|2 65
|1 01
|x 3/18
|a 3/18$001238272
|
| 984 |
|
|
|2 69
|1 01
|x 0009
|a 9$13251295
|
| 984 |
|
|
|2 70
|1 80
|x 89/19
|a 89$134428994
|
| 984 |
|
|
|2 72
|1 01
|x 0035
|a 35$037475762
|
| 984 |
|
|
|2 100
|1 01
|x 3100
|a MA9$007210906
|
| 984 |
|
|
|2 104
|1 01
|x 0068
|a 68$001331744
|
| 984 |
|
|
|2 110
|1 01
|x 3110
|a LUN4$08113076
|
| 984 |
|
|
|2 121
|1 01
|x 0045
|a 45$22440847
|
| 984 |
|
|
|2 130
|1 01
|x 0700
|a 700$61756542
|
| 984 |
|
|
|2 176
|1 01
|x 3703/1
|a AU3$01217534
|
| 984 |
|
|
|2 350
|1 01
|x 8293
|a 9783412210076
|
| 984 |
|
|
|2 2011
|1 01
|x DE-16
|a 104086250
|
| 984 |
|
|
|2 2012
|1 01
|x DE-16-34
|a 607878447
|
| 984 |
|
|
|2 2043
|1 01
|x DE-Mar1
|a AU006037868
|
| 985 |
|
|
|2 21
|1 01
|x 0046
|a 2013-08199
|
| 985 |
|
|
|2 22
|1 02
|x 0018
|a Bb 2013/1211
|
| 985 |
|
|
|2 22
|1 03
|x 0018
|a 077 2025/1142
|
| 985 |
|
|
|2 31
|1 01
|x 0027
|a U515401
|
| 985 |
|
|
|2 40
|1 02
|x 0007
|a 2016.1006
|
| 985 |
|
|
|2 50
|1 01
|x 0023
|a 63/003904
|
| 985 |
|
|
|2 61
|1 01
|x 0032
|a 2014/06880
|
| 985 |
|
|
|2 65
|1 01
|x 3/18
|a 18G/2017/01112
|
| 985 |
|
|
|2 69
|1 01
|x 0009
|a 2025.5410
|
| 985 |
|
|
|2 70
|1 80
|x 89/19
|a BBG 2013-1288
|
| 985 |
|
|
|2 72
|1 01
|x 0035
|a 35$037475762
|
| 985 |
|
|
|2 110
|1 01
|x 3110
|a 13-16399
|
| 985 |
|
|
|2 176
|1 01
|x 3703/1
|a 013/0667
|
| 985 |
|
|
|2 350
|1 01
|x 8293
|a 2013/1703
|
| 985 |
|
|
|2 737
|1 01
|x 4737/0007
|a 225/13
|
| 985 |
|
|
|2 2002
|1 01
|x DE-21-106
|a 96/2013
|
| 985 |
|
|
|2 2005
|1 01
|x DE-291-313
|a 2013-842
|
| 985 |
|
|
|2 2012
|1 01
|x DE-16-34
|a GE-1300521
|
| 985 |
|
|
|2 2043
|1 01
|x DE-Mar1
|a 201412415
|
| 995 |
|
|
|2 22
|1 03
|x 0018
|a VMP6RVK
|
| 995 |
|
|
|2 22
|1 03
|x 0018
|a VMP6RVK-GE
|
| 995 |
|
|
|2 24
|1 01
|x 0008
|a hb
|
| 995 |
|
|
|2 40
|1 03
|x 0007
|a böhlau-archiv-19
|
| 995 |
|
|
|2 121
|1 01
|x 0045
|a alma
|
| 998 |
|
|
|2 22
|1 03
|x 0018
|0 202512
|a zbhistn
|
| 998 |
|
|
|2 31
|1 01
|x 0027
|a HIS 201502
|
| 998 |
|
|
|2 40
|1 02
|x 0007
|0 2016-09
|
| 998 |
|
|
|2 40
|1 03
|x 0007
|0 2019-07
|
| 998 |
|
|
|2 2001
|1 01
|x DE-21
|0 1305
|f 25
|
| 998 |
|
|
|2 2002
|1 01
|x DE-21-106
|0 1304
|
| 998 |
|
|
|2 2003
|1 01
|x DE-25
|0 1324
|f 39a
|
| 998 |
|
|
|2 2005
|1 01
|x DE-291-313
|0 1310
|f NZ
|